Cuadernos de la cárcel (Record no. 9465)
[ view plain ]
| 000 -CABECERA | |
|---|---|
| campo de control de longitud fija | 00985nam a2200289 a 4500 |
| 001 - NÚMERO DE CONTROL | |
| campo de control | BRL_653 |
| 005 - FECHA Y HORA DE LA ÚLTIMA TRANSACCIÓN | |
| campo de control | 20190320210834.0 |
| 008 - DATOS DE LONGITUD FIJA--INFORMACIÓN GENERAL | |
| campo de control de longitud fija | 230913s1984----mx-#######---#000-0#spa-# |
| 020 ## - NÚMERO INTERNACIONAL ESTÁNDAR DEL LIBRO | |
| Número Internacional Estándar del Libro | 968411074X |
| 041 ## - CÓDIGO DE LENGUA | |
| Código de lengua del texto/banda sonora o título independiente | spa |
| 044 ## - CÓDIGO DEL PAÍS DE LA ENTIDAD EDITORA/PRODUCTORA | |
| Código MARC del país | mx |
| 050 #4 - SIGNATURA TOPOGRÁFICA DE LA BIBLIOTECA DEL CONGRESO | |
| Número de clasificación | DG575.G69 |
| Número de documento/Ítem | .G73 1984 |
| 100 1# - ENTRADA PRINCIPAL--NOMBRE DE PERSONA | |
| Nombre de persona | Gramsci, Antonio |
| Fechas asociadas al nombre | 1891-1937 |
| 9 (RLIN) | 24527 |
| 245 10 - MENCIÓN DE TÍTULO | |
| Título | Cuadernos de la cárcel |
| Mención de responsabilidad, etc. | Edición crítica del Instituto Gramsci, A cargo de Valentino Gerratana ; traduccion de Ana Maria Palos. |
| 260 ## - PUBLICACIÓN, DISTRIBUCIÓN, ETC. | |
| Lugar de publicación, distribución, etc. | México, D.F. |
| Nombre del editor, distribuidor, etc. | Ediciones Era |
| Fecha de publicación, distribución, etc. | 1984 |
| 300 ## - DESCRIPCIÓN FÍSICA | |
| Extensión | 6v. |
| Dimensiones | 19 cm. |
| 440 #0 - MENCIÓN DE SERIE/PUNTO DE ACCESO ADICIONAL--TÍTULO | |
| Título | El hombre y si tiempo |
| Designación de volumen o secuencia | 3 |
| 9 (RLIN) | 24528 |
| 500 ## - NOTA GENERAL | |
| Nota general | t.3 Au741 |
| 500 ## - NOTA GENERAL | |
| Nota general | Traducción de: Quaderni del carcere |
| 505 0# - NOTA DE CONTENIDO CON FORMATO | |
| Nota de contenido con formato | t.3 Cuadernos 6 (viii) 1930-1932, 7 (vii) 1930-1931, 8 (xxvii) 1931-1932. |
| 600 14 - PUNTO DE ACCESO ADICIONAL DE MATERIA--NOMBRE DE PERSONA | |
| Nombre de persona | Gramsci, Antonio |
| Fechas asociadas al nombre | 1891-1937 |
| Subdivisión general | Encarcelamiento |
| 9 (RLIN) | 24529 |
| 650 14 - PUNTO DE ACCESO ADICIONAL DE MATERIA--TÉRMINO DE MATERIA | |
| Término de materia o nombre geográfico como elemento de entrada | Marxísmo |
| 9 (RLIN) | 24530 |
| 700 1# - PUNTO DE ACCESO ADICIONAL--NOMBRE DE PERSONA | |
| Nombre de persona | Gerratana, Valentino |
| 9 (RLIN) | 24531 |
| 700 1# - PUNTO DE ACCESO ADICIONAL--NOMBRE DE PERSONA | |
| Nombre de persona | Palos, Ana María |
| Término indicativo de función/relación | tr. |
| 9 (RLIN) | 24532 |
| 902 ## - CATALOGADOR | |
| Iniciales | GRL |
| 942 ## - ELEMENTOS DE PUNTO DE ACCESO ADICIONAL (KOHA) | |
| Fuente del sistema de clasificación o colocación | Library of Congress Classification |
| Tipo de ítem Koha | Libros |
| Estado de retiro | Estado de pérdida | Estado dañado | No para préstamo | Localización permanente | Ubicación/localización actual | Fecha de adquisición | Número de inventario | Total de préstamos | Signatura topográfica completa | Código de barras | Fecha visto por última vez | Precio válido a partir de | Tipo de ítem Koha |
|---|---|---|---|---|---|---|---|---|---|---|---|---|---|
| El ejemplar forma parte de la colección y puede ser consultado según las políticas vigentes. | Biblioteca Centro de Estudios Ruth D. Lechuga | Biblioteca Centro de Estudios Ruth D. Lechuga | 23/09/2013 | t.3 Au741 | DG575.G69 .G73 1984 (t.3 Au741) | GRL00722 | 22/03/2019 | 22/03/2019 | Libros |